Revive Us Again : (Record no. 605145)

MARC details
000 -LEADER
fixed length control field 00472nam a2200193 a 4500
008 - FIXED-LENGTH DATA ELEMENTS--GENERAL INFORMATION
fixed length control field 251223s1999##################000#0#eng##
020 ## - INTERNATIONAL STANDARD BOOK NUMBER
ISBN 9780195129076
082 04 - DEWEY DECIMAL CLASSIFICATION NUMBER
Classification number 277.3082
Item number CAR
100 1# - MAIN ENTRY--AUTHOR NAME
Personal name Carpenter, Joel A.,
245 10 - TITLE STATEMENT
Title Revive Us Again :
260 ## - PUBLICATION, DISTRIBUTION, ETC. (IMPRINT)
Year of publication 1999.
300 ## - PHYSICAL DESCRIPTION
Number of Pages 360 pages
650 #0 - SUBJECT ADDED ENTRY--TOPICAL TERM
Topical Term Religion.
942 ## - ADDED ENTRY ELEMENTS (KOHA)
Koha item type English Books
Holdings
Withdrawn status Lost status Damaged status Not for loan Home library Current library Shelving location Date acquired Full call number Accession Number Price effective from Koha item type
        Anna Centenary Library Anna Centenary Library 3RD FLOOR, B WING 26.12.2025 277.3082 CAR 268154 26.12.2025 English Books

Find us on the map